[Event "2nd GMA World Cup prel  #3"]
[Site "Palma de Mallorca"]
[Date "1989.??.??"]
[Round "2"]
[White "Panno, Oscar"]
[Black "Denker, Arnold"]
[Result "1/2-1/2"]
[WhiteElo "2500"]
[BlackElo "2320"]
[EventDate "1989.12.??"]
[PlyCount "87"]

1.c4 c5 2.Nf3 Nf6 3.Nc3 g6 4.e4 Bg7 5.d4 cxd4 6.Nxd4 d6 7.Be2 O-O 8.O-O 
Nc6 9.Be3 Bd7 10.Qd2 Nxd4 11.Bxd4 Bc6 12.f3 a6 13.b4 b6 14.Rfd1 Qb8 15.
Rac1 Nd7 16.Be3 Ra7 17.a3 Qa8 18.Nd5 Bxd5 19.cxd5 a5 20.Bb5 axb4 21.axb4 
Ra2 22.Rc2 Rxc2 23.Qxc2 Rc8 24.Bc6 Qa3 25.Qd3 Qxd3 26.Rxd3 Ne5 27.Rb3 Nc4 
28.Bf2 Rc7 29.Rb1 Ra7 30.Rc1 Ra1 31.Rxa1 Bxa1 32.Bb5 Na3 33.Bd3 b5 34.Kf1 
e6 35.dxe6 fxe6 36.Ke2 d5 37.exd5 exd5 38.Bc5 Kf7 39.f4 h5 40.Kf3 Nc4 41.
h3 Bc3 42.g4 hxg4+ 43.hxg4 Nd2+ 44.Ke3 1/2-1/2

[Event "2nd GMA World Cup prel  #3"]
[Site "Palma de Mallorca"]
[Date "1989.??.??"]
[Round "2"]
[White "Madl, Ildiko"]
[Black "Dizdarevic, Emir"]
[Result "0-1"]
[WhiteElo "2310"]
[BlackElo "2495"]
[EventDate "1989.12.??"]
[PlyCount "94"]

1.e4 c5 2.Nf3 e6 3.d4 cxd4 4.Nxd4 a6 5.Bd3 Nf6 6.O-O Qc7 7.Nd2 Be7 8.Qe2 
d6 9.f4 Nbd7 10.N2f3 Nc5 11.Kh1 b6 12.b4 Nxd3 13.cxd3 Bb7 14.Be3 O-O 15.
Rac1 Qd7 16.Nb3 Bd8 17.Qb2 a5 18.bxa5 bxa5 19.Nbd4 Ba6 20.Qa3 Bb6 21.Nc2 
Bc7 22.Bd4 Nh5 23.Ne3 Nxf4 24.Bxg7 Kxg7 25.Qc3+ f6 26.Qxc7 Qxc7 27.Rxc7+ 
Rf7 28.Rxf7+ Kxf7 29.Nh4 Nxd3 30.Ng4 Nc5 31.Rxf6+ Kg7 32.Kg1 Rb8 33.h3 Bc4
34.Rf2 Nxe4 35.Rc2 d5 36.Ne3 Nd6 37.Nf3 Rb1+ 38.Kh2 Ra1 39.Nxc4 Nxc4 40.
Kg3 e5 41.Ng5 Kg6 42.Kh4 h6 43.Ne6 Kf5 44.Nc5 e4 45.Kh5 e3 46.g4+ Kf4 47.
Kxh6 Rh1 0-1

[Event "2nd GMA World Cup prel  #3"]
[Site "Palma de Mallorca"]
[Date "1989.??.??"]
[Round "2"]
[White "Lein, Anatoly"]
[Black "Brustman, Agnieszka"]
[Result "1-0"]
[WhiteElo "2490"]
[BlackElo "2305"]
[EventDate "1989.12.??"]
[PlyCount "209"]

1.d4 Nf6 2.c4 g6 3.Nc3 Bg7 4.e4 d6 5.Nf3 O-O 6.Be2 e5 7.O-O Nc6 8.d5 Ne7 
9.Ne1 Nd7 10.Nd3 f5 11.Bd2 Nf6 12.f3 f4 13.g4 c6 14.Kg2 a5 15.a4 c5 16.h4 
h6 17.Rh1 Ne8 18.Nb5 b6 19.Qc2 Bd7 20.Rag1 Nc8 21.Kf1 Kh8 22.Ke1 Na7 23.
Bf1 Qc8 24.b3 Qd8 25.Bc1 Rf7 26.Bb2 Qe7 27.Qh2 h5 28.Bc3 Kh7 29.Qb2 Rf8 
30.Rg2 Nxb5 31.cxb5 Rf7 32.Qc2 Qd8 33.Nb2 Bc8 34.Nc4 Re7 35.Qd1 Qc7 36.Ra2
Qd8 37.Rhh2 Qc7 38.Rh1 Qd8 39.Qd2 Kh8 40.Qh2 Kh7 41.Bd2 Rf7 42.g5 Kg8 43.
Bh3 Bxh3 44.Qxh3 Re7 45.Kf1 Kh8 46.Kg1 Kh7 47.Be1 Kh8 48.Bf2 Kh7 49.Nb2 
Nc7 50.Kh2 Ne8 51.Rd1 Kh8 52.Qf1 Kh7 53.Rc1 Kh8 54.Be1 Kh7 55.Bd2 Kh8 56.
Kg2 Kh7 57.Qc4 Kh8 58.Nd3 Rf7 59.Rac2 Kh7 60.Nb2 Kh8 61.Qe2 Kh7 62.Kh2 Bf8
63.Qf1 Qb8 64.Qh3 Re7 65.Kg1 Bg7 66.Kg2 Bf8 67.Rd1 Bg7 68.Nd3 Rf7 69.Qe6 
Qb7 70.Be1 Re7 71.Qh3 Qb8 72.Rdc1 Qb7 73.Nb2 Bf8 74.Nc4 Qb8 75.Ra2 Rea7 
76.Rca1 Rc7 77.Bf2 Rb7 78.Qh1 Rba7 79.Qf1 Kg8 80.Qd3 Kh8 81.Kf1 Kg8 82.Ke2
Kh8 83.Be1 Kg8 84.Kd1 Kh8 85.Kc2 Kg8 86.b4 axb4 87.Kb3 Kh8 88.Qf1 Ra5 89.
Qf2 Be7 90.Bxb4 cxb4 91.Qxb6 Qxb6 92.Nxb6 Rb8 93.Nc4 Raa8 94.b6 Ra6 95.a5 
Nc7 96.bxc7 Rc8 97.Ra4 Rxc7 98.Rxb4 Rc8 99.Rb6 Raa8 100.a6 Ra7 101.Rb7 
Rca8 102.Rxa7 Rxa7 103.Kb4 Bd8 104.Kb5 Bc7 105.Na5 1-0

[Event "2nd GMA World Cup prel  #3"]
[Site "Palma de Mallorca"]
[Date "1989.??.??"]
[Round "2"]
[White "Cebalo, Miso"]
[Black "Erenska-Radzewska, Hanna"]
[Result "1-0"]
[WhiteElo "2485"]
[BlackElo "2265"]
[EventDate "1989.12.??"]
[PlyCount "71"]

1.d4 Nf6 2.Nf3 g6 3.c4 Bg7 4.Nc3 d5 5.cxd5 Nxd5 6.e4 Nxc3 7.bxc3 c5 8.Rb1 
O-O 9.Be2 b6 10.h4 Bb7 11.e5 cxd4 12.cxd4 Be4 13.Rb2 h5 14.Ng5 Qd5 15.Nxe4
Qxe4 16.O-O Qxh4 17.Bf3 Nd7 18.Bxa8 Rxa8 19.f4 Rd8 20.Qf3 Nf8 21.Be3 f6 
22.Rc2 fxe5 23.dxe5 Ne6 24.Rc6 Nf8 25.Bf2 Qg4 26.Qxg4 hxg4 27.Bh4 Rd7 28.
Rfc1 Rd2 29.Bxe7 Rxa2 30.Bxf8 Bxf8 31.Rxg6+ Kh7 32.Rxg4 Bc5+ 33.Kh2 a5 34.
Rd1 Rb2 35.Rd7+ Kh8 36.Rdg7 1-0

[Event "2nd GMA World Cup prel  #3"]
[Site "Palma de Mallorca"]
[Date "1989.??.??"]
[Round "2"]
[White "Georgiev, Krum"]
[Black "Ballester Sanz, Joaquin"]
[Result "1-0"]
[WhiteElo "2480"]
[BlackElo "2250"]
[EventDate "1989.12.??"]
[PlyCount "79"]

1.e4 e6 2.d3 c5 3.Nf3 Nc6 4.Nbd2 g6 5.c3 Bg7 6.Nb3 b6 7.d4 cxd4 8.cxd4 d5 
9.e5 f6 10.Bb5 Bd7 11.Qe2 fxe5 12.Bxc6 Bxc6 13.Nxe5 Rc8 14.O-O Nf6 15.Bd2 
O-O 16.Rac1 Bb7 17.Nc6 Qd7 18.Nxa7 Rc4 19.a4 Ba6 20.a5 Rxc1 21.Qxa6 Rxf1+ 
22.Kxf1 bxa5 23.Nc5 Qf7 24.Nb5 Nd7 25.Nd3 e5 26.Qxa5 Qf5 27.Qa3 exd4 28.
Nd6 Qg4 29.Qb3 Qe6 30.Nb5 Rb8 31.Qa4 Qg4 32.Nc7 Qf5 33.Nb4 Rf8 34.f3 Qb1+ 
35.Be1 Qxb2 36.Qxd7 d3 37.Qxd5+ Kh8 38.Qxd3 Bd4 39.Nc2 Bb6 40.Bc3+ 1-0

[Event "2nd GMA World Cup prel  #3"]
[Site "Palma de Mallorca"]
[Date "1989.??.??"]
[Round "2"]
[White "Sunye Neto, Jaime"]
[Black "Prins, Lodewijk"]
[Result "1-0"]
[WhiteElo "2480"]
[BlackElo "2245"]
[EventDate "1989.12.??"]
[PlyCount "69"]

1.c4 d6 2.Nc3 e5 3.g3 g6 4.Bg2 Bg7 5.e3 Ne7 6.Nge2 O-O 7.O-O c6 8.d4 Qc7 
9.b3 Rd8 10.Qd2 Nf5 11.Bb2 exd4 12.Nxd4 Nxd4 13.exd4 Nd7 14.Rfe1 Nf6 15.d5
c5 16.Nb5 Qd7 17.Re2 a6 18.Nc3 b5 19.Rae1 Re8 20.Rxe8+ Nxe8 21.Bh3 f5 22.
Ne4 bxc4 23.bxc4 Bxb2 24.Qxb2 Qd8 25.Ng5 Bd7 26.Ne6 Rb8 27.Qd2 Qf6 28.Bf1 
Rb2 29.Qa5 Rc2 30.Qxa6 Qc3 31.Re2 Qxc4 32.Qb7 Nf6 33.Qb8+ Ne8 34.Qd8 Rxe2 
35.Qxd7 1-0

[Event "2nd GMA World Cup prel  #3"]
[Site "Palma de Mallorca"]
[Date "1989.??.??"]
[Round "2"]
[White "Muresan-Juncu, Margareta"]
[Black "Douven, Rudy"]
[Result "0-1"]
[WhiteElo "2215"]
[BlackElo "2475"]
[EventDate "1989.12.??"]
[PlyCount "78"]

1.Nf3 Nf6 2.c4 g6 3.Nc3 Bg7 4.e4 O-O 5.d4 c6 6.e5 Ne8 7.Bf4 d6 8.h3 Nd7 9.
exd6 Nxd6 10.Bd3 c5 11.d5 Nb6 12.Bxd6 Qxd6 13.O-O e6 14.Ne4 Qc7 15.dxe6 
Bxe6 16.Qc2 Rad8 17.Rfe1 Bd7 18.Nc3 Bc6 19.Be4 Nxc4 20.Nd5 Bxd5 21.Bxd5 
Nxb2 22.Be4 c4 23.Rab1 Qb6 24.Qc1 Qb4 25.Qf4 Qc5 26.Rec1 b5 27.g4 Na4 28.
Kg2 Nc3 29.Rxc3 Bxc3 30.g5 b4 31.h4 Qd6 32.Qg4 Rfe8 33.Nh2 Qe5 34.Bc6 Re6 
35.Qf3 Rd3 36.Ng4 Qc7 37.Nh6+ Kg7 38.Rd1 Qxc6 39.Rxd3 cxd3 0-1

[Event "2nd GMA World Cup prel  #3"]
[Site "Palma de Mallorca"]
[Date "1989.??.??"]
[Round "2"]
[White "Naumkin, Igor"]
[Black "Vreeken, Corry"]
[Result "1-0"]
[WhiteElo "2470"]
[BlackElo "2180"]
[EventDate "1989.12.??"]
[PlyCount "55"]

1.d4 d5 2.c4 Nc6 3.Nf3 Bg4 4.cxd5 Bxf3 5.gxf3 Qxd5 6.e3 e6 7.Nc3 Qd7 8.Bd2
Nge7 9.Qb3 O-O-O 10.Rc1 e5 11.Ne4 Nd5 12.Bb5 exd4 13.Rxc6 dxe3 14.fxe3 Qh3
15.Rc2 Qxf3 16.Nf2 f5 17.Kf1 Qh5 18.Be2 Qf7 19.Bf3 c6 20.Ke2 Kb8 21.Rxc6 
Nf4+ 22.exf4 Qxb3 23.axb3 bxc6 24.Nd3 Re8+ 25.Ne5 Kc7 26.Ba5+ Kd6 27.Rd1+ 
Kc5 28.b4+ 1-0

[Event "2nd GMA World Cup prel  #3"]
[Site "Palma de Mallorca"]
[Date "1989.??.??"]
[Round "2"]
[White "Polihroniade, Elisabeta"]
[Black "Lau, Ralf"]
[Result "0-1"]
[WhiteElo "2170"]
[BlackElo "2470"]
[EventDate "1989.12.??"]
[PlyCount "62"]

1.e4 g6 2.d4 Bg7 3.Nc3 d6 4.Bc4 Nf6 5.Qe2 c6 6.e5 dxe5 7.dxe5 Nd5 8.Bd2 
Be6 9.h4 Nd7 10.f4 N7b6 11.Bb3 Nxc3 12.Bxc3 Nd5 13.O-O-O Qc8 14.Bd2 a5 15.
a4 O-O 16.Nf3 b5 17.h5 bxa4 18.Bxa4 Nb6 19.Bb3 Bxb3 20.cxb3 a4 21.b4 a3 
22.b3 c5 23.Kb1 c4 24.bxc4 Qf5+ 25.Ka1 Qc2 26.Rb1 Nxc4 27.Rhc1 Qb2+ 28.
Rxb2 axb2+ 29.Kb1 Ra1+ 30.Kc2 bxc1=Q+ 31.Bxc1 Ra2+ 0-1

[Event "2nd GMA World Cup prel  #3"]
[Site "Palma de Mallorca"]
[Date "1989.??.??"]
[Round "2"]
[White "Zatulovskaya, Tatiana"]
[Black "Savon, Vladimir"]
[Result "0-1"]
[WhiteElo "2120"]
[BlackElo "2465"]
[EventDate "1989.12.??"]
[PlyCount "104"]

1.e4 c5 2.Nc3 Nc6 3.g3 g6 4.Bg2 Bg7 5.d3 d6 6.f4 Rb8 7.Nf3 b5 8.O-O e6 9.
Ne2 Nge7 10.d4 cxd4 11.Nfxd4 Nxd4 12.Nxd4 e5 13.Ne2 Qb6+ 14.Kh1 O-O 15.Qd3
exf4 16.Nxf4 b4 17.Be3 Qa6 18.Rab1 Nc6 19.Qxa6 Bxa6 20.Rfd1 Be5 21.Nd5 Kg7
22.a3 bxa3 23.bxa3 Be2 24.Re1 Bc4 25.Kg1 Ba2 26.Rbd1 Rb2 27.Nb4 Nxb4 28.
axb4 Rc8 29.Re2 Bc4 30.Rf2 a6 31.Bd4 Rxb4 32.c3 Rb7 33.Bf1 Bxf1 34.Kxf1 a5
35.Ra1 Bxd4 36.cxd4 Rc4 37.Rd2 a4 38.Ke2 Rb3 39.Raa2 a3 40.Kd1 Rcc3 41.e5 
dxe5 42.dxe5 Re3 43.Rd5 Red3+ 44.Rxd3 Rxd3+ 45.Kc2 Rf3 46.Ra1 Rf2+ 47.Kd3 
a2 48.h4 Kf8 49.Ke3 Rb2 50.Kf4 h5 51.Kg5 Kg7 52.Kf4 Rb4+ 0-1

[Event "2nd GMA World Cup prel  #3"]
[Site "Palma de Mallorca"]
[Date "1989.??.??"]
[Round "2"]
[White "Heemskerk, Fenny"]
[Black "Hernandez Onna, Roman"]
[Result "0-1"]
[WhiteElo "2020"]
[BlackElo "2450"]
[EventDate "1989.12.??"]
[PlyCount "56"]

1.Nf3 c5 2.c4 Nf6 3.Nc3 Nc6 4.g3 d5 5.cxd5 Nxd5 6.Bg2 Nc7 7.O-O e5 8.d3 
Be7 9.b3 O-O 10.Bb2 Be6 11.Rc1 f6 12.Qc2 Qd7 13.Rfd1 Rac8 14.Qb1 Bh3 15.
Bh1 Ne6 16.e3 f5 17.Na4 f4 18.Nxe5 Nxe5 19.Bxe5 fxe3 20.fxe3 Bg5 21.Re1 
Qf7 22.Bf4 Nxf4 23.gxf4 Bxf4 24.exf4 Qg6+ 25.Kf2 Rxf4+ 26.Ke3 Qg5 27.Be4 
Rxe4+ 28.Kxe4 Bg2# 0-1

[Event "2nd GMA World Cup prel  #3"]
[Site "Palma de Mallorca"]
[Date "1989.??.??"]
[Round "3"]
[White "Vasiukov, Evgeny"]
[Black "Polugaevsky, Lev"]
[Result "1/2-1/2"]
[WhiteElo "2515"]
[BlackElo "2595"]
[EventDate "1989.12.??"]
[PlyCount "95"]

1.e4 c5 2.c3 Nf6 3.e5 Nd5 4.d4 cxd4 5.Nf3 d6 6.cxd4 e6 7.a3 Bd7 8.Nbd2 
dxe5 9.Nxe5 Be7 10.Bc4 Bc6 11.Ndf3 O-O 12.O-O Nf6 13.Nxc6 Nxc6 14.Be3 Qd6 
15.Qe2 Nd5 16.Rad1 Bf6 17.Ba2 Rfd8 18.g3 Rac8 19.Bc1 Nde7 20.Bf4 Qd7 21.
Bg5 Bxg5 22.Nxg5 Nd5 23.Rfe1 Qe7 24.h4 h6 25.Nf3 Rc7 26.Ne5 Nf6 27.Nxf7 
Kxf7 28.Bxe6+ Kf8 29.d5 Na5 30.Qf3 Nc4 31.g4 Nxb2 32.Rd4 Rc4 33.Rxc4 Nxc4 
34.g5 hxg5 35.hxg5 Rxd5 36.Qf4 Qd6 37.Qxd6+ Rxd6 38.gxf6 Nd2 39.fxg7+ Kxg7
40.Re3 Kf6 41.Bc8 b5 42.Kg2 a5 43.Bg4 Nc4 44.Rb3 Rd5 45.Be2 Rg5+ 46.Kh3 a4
47.Rb4 Nxa3 48.Bxb5 1/2-1/2

[Event "2nd GMA World Cup prel  #3"]
[Site "Palma de Mallorca"]
[Date "1989.??.??"]
[Round "3"]
[White "Conquest, Stuart"]
[Black "Petursson, Margeir"]
[Result "0-1"]
[WhiteElo "2515"]
[BlackElo "2590"]
[EventDate "1989.12.??"]
[PlyCount "112"]

1.e4 c5 2.Nf3 Nc6 3.d4 cxd4 4.Nxd4 g6 5.c4 Nf6 6.Nc3 d6 7.Be2 Bg7 8.Nc2 
Nd7 9.O-O Nc5 10.Bd2 a5 11.Kh1 O-O 12.f3 b6 13.Rc1 Ra7 14.b3 Rd7 15.Qe1 e6
16.Rd1 Bb7 17.Qf2 Ne7 18.Nd4 Kh8 19.Bg5 f6 20.Be3 f5 21.Na4 Bxd4 22.Bxd4+ 
e5 23.Nxb6 Qxb6 24.Bxc5 Qc6 25.Ba3 fxe4 26.c5 exf3 27.Bxf3 d5 28.Qg3 Qe6 
29.Bb2 d4 30.Bxb7 Rxf1+ 31.Rxf1 Rxb7 32.Qg5 Nc6 33.Qf6+ Qxf6 34.Rxf6 Rc7 
35.Kg1 Nb4 36.Bc1 Kg7 37.Rd6 h6 38.a3 Rxc5 39.Rd7+ Kf6 40.Bxh6 Nd5 41.g4 
Ke6 42.Rd8 Nf6 43.h3 Rc3 44.Kg2 Rxb3 45.Ra8 Nd7 46.Rxa5 e4 47.h4 Rb2+ 48.
Kg3 e3 49.Bf4 e2 50.Kf2 d3 51.Ra6+ Ke7 52.Bg5+ Kf7 53.h5 gxh5 54.gxh5 Nc5 
55.Rf6+ Ke8 56.Rf4 Rb1 0-1

[Event "2nd GMA World Cup prel  #3"]
[Site "Palma de Mallorca"]
[Date "1989.??.??"]
[Round "3"]
[White "Taimanov, Mark"]
[Black "Spraggett, Kevin"]
[Result "1/2-1/2"]
[WhiteElo "2495"]
[BlackElo "2585"]
[EventDate "1989.12.??"]
[PlyCount "100"]

1.Nf3 Nf6 2.b3 b6 3.g3 Bb7 4.Bg2 e6 5.Bb2 Be7 6.O-O O-O 7.c4 c5 8.Nc3 d6 
9.d4 cxd4 10.Nxd4 Qc8 11.Qd3 a6 12.Rfd1 Nbd7 13.Bxb7 Qxb7 14.Qf3 Qxf3 15.
Nxf3 Rfc8 16.Kg2 Nc5 17.Nd4 Rab8 18.Rac1 g6 19.h3 Rb7 20.f4 Rbc7 21.Kf3 
Ne8 22.b4 Nd7 23.b5 axb5 24.cxb5 Ra8 25.Nc6 Bf6 26.e4 Bg7 27.Rd2 Nc5 28.
Rcc2 Rd7 29.e5 Bf8 30.a4 d5 31.Rd1 Nc7 32.Ra1 Nb3 33.Rd1 Ne8 34.Bc1 f6 35.
Be3 fxe5 36.Nxe5 Rb7 37.Rb1 Nc5 38.Bxc5 Bxc5 39.Nc6 d4 40.Ne4 Rxa4 41.Nxc5
bxc5 42.Rxc5 Ra3+ 43.Kg2 Rc3 44.Rxc3 dxc3 45.Nd8 c2 46.Rc1 Rxb5 47.Nxe6 
Rb2 48.Nd4 Rb4 49.Nf3 Rb2 50.Nd4 Rb4 1/2-1/2

[Event "2nd GMA World Cup prel  #3"]
[Site "Palma de Mallorca"]
[Date "1989.??.??"]
[Round "3"]
[White "Dizdarevic, Emir"]
[Black "Dorfman, Iosif"]
[Result "1-0"]
[WhiteElo "2495"]
[BlackElo "2585"]
[EventDate "1989.12.??"]
[PlyCount "91"]

1.Nf3 c5 2.c4 Nf6 3.b3 d6 4.Bb2 e5 5.e3 Be7 6.Nc3 O-O 7.Qb1 Re8 8.Bd3 g6 
9.O-O Nc6 10.a3 Bf8 11.Ng5 Bg7 12.Nge4 Nxe4 13.Bxe4 f5 14.Bd5+ Kh8 15.Ra2 
Ne7 16.Bf3 Be6 17.d3 Rb8 18.Ba1 a6 19.a4 a5 20.Rd1 Bf7 21.Re2 Qd7 22.Ree1 
g5 23.g3 Rg8 24.Bg2 Bh5 25.Rd2 f4 26.Ne4 f3 27.Qd1 g4 28.Bf1 Bg6 29.Nc3 
Nf5 30.Nb5 Rbe8 31.d4 cxd4 32.exd4 e4 33.d5 e3 34.fxe3 Nxe3 35.Bxg7+ Qxg7 
36.Qa1 Qxa1 37.Rxa1 Nxf1 38.Kxf1 Re3 39.Nxd6 Rxb3 40.c5 Rd8 41.Re1 b6 42.
Re6 Rb1+ 43.Kf2 Rh1 44.Rxg6 Rf8 45.Rh6 bxc5 46.Ne4 1-0

[Event "2nd GMA World Cup prel  #3"]
[Site "Palma de Mallorca"]
[Date "1989.??.??"]
[Round "3"]
[White "Petrosian, Arshak"]
[Black "Chernin, Alexander"]
[Result "1/2-1/2"]
[WhiteElo "2490"]
[BlackElo "2580"]
[EventDate "1989.12.??"]
[PlyCount "51"]

1.Nf3 Nf6 2.c4 b6 3.d4 e6 4.e3 Bb7 5.Bd3 Bb4+ 6.Nbd2 c5 7.a3 Bxd2+ 8.Bxd2 
Ne4 9.Bxe4 Bxe4 10.Bc3 f6 11.Nd2 Bg6 12.dxc5 bxc5 13.h4 h5 14.Qf3 Nc6 15.
Ne4 Qe7 16.Rd1 O-O 17.Nd6 Rab8 18.Qg3 Kh7 19.O-O a6 20.Rd2 Rb3 21.Rfd1 e5 
22.Qf3 f5 23.Qd5 f4 24.exf4 Rxf4 25.Qxc5 Qxh4 26.Re1 1/2-1/2

[Event "2nd GMA World Cup prel  #3"]
[Site "Palma de Mallorca"]
[Date "1989.??.??"]
[Round "3"]
[White "Chandler, Murray Graham"]
[Black "Velikov, Petar"]
[Result "1-0"]
[WhiteElo "2585"]
[BlackElo "2480"]
[EventDate "1989.12.??"]
[PlyCount "67"]

1.e4 c5 2.Nf3 e6 3.d4 cxd4 4.Nxd4 a6 5.Bd3 Qc7 6.f4 d6 7.O-O Nf6 8.Kh1 
Nbd7 9.Qe2 Be7 10.Nc3 b5 11.Bd2 Bb7 12.Rae1 Rd8 13.a3 Nc5 14.b4 Nxd3 15.
cxd3 O-O 16.Rc1 Qb8 17.Rc2 Rc8 18.Rfc1 g6 19.Nb3 Rfe8 20.Be3 Bf8 21.h3 Bg7
22.Qf2 Nd7 23.Na5 Qa8 24.Bd4 Nf6 25.a4 e5 26.fxe5 dxe5 27.Be3 bxa4 28.Nxa4
Rxc2 29.Rxc2 Bc8 30.Nb6 Qb8 31.Nxc8 Qxb4 32.Qd2 Qa4 33.Nb6 Qa3 34.Bc5 1-0

[Event "2nd GMA World Cup prel  #3"]
[Site "Palma de Mallorca"]
[Date "1989.??.??"]
[Round "3"]
[White "Vladimirov, Evgeny"]
[Black "Timoschenko, Gennady"]
[Result "1/2-1/2"]
[WhiteElo "2565"]
[BlackElo "2500"]
[EventDate "1989.12.??"]
[PlyCount "25"]

1.d4 d5 2.Nf3 Nf6 3.c4 e6 4.Nc3 Be7 5.Bg5 h6 6.Bxf6 Bxf6 7.e3 O-O 8.Rc1 c6
9.Bd3 Nd7 10.O-O dxc4 11.Bxc4 e5 12.Ne4 exd4 13.Nxf6+ 1/2-1/2

[Event "2nd GMA World Cup prel  #3"]
[Site "Palma de Mallorca"]
[Date "1989.??.??"]
[Round "3"]
[White "Malaniuk, Vladimir"]
[Black "Suba, Mihai"]
[Result "1-0"]
[WhiteElo "2560"]
[BlackElo "2500"]
[EventDate "1989.12.??"]
[PlyCount "89"]

1.d4 Nf6 2.c4 e6 3.Nc3 Bb4 4.f3 d5 5.a3 Bxc3+ 6.bxc3 c5 7.cxd5 exd5 8.e3 
Qc7 9.Ra2 Bf5 10.Ne2 Nc6 11.g4 Bg6 12.Nf4 O-O-O 13.Bg2 h5 14.g5 Nh7 15.h4 
Nf8 16.O-O Kb8 17.e4 dxe4 18.fxe4 Ka8 19.Rb2 cxd4 20.Nd5 Qa5 21.Rb5 Rxd5 
22.Rxa5 Rxa5 23.cxd4 Nd7 24.Bb2 Re8 25.Re1 Ra6 26.Bf3 Rb6 27.Bc3 Ra6 28.
Bxh5 Rxa3 29.Bxg6 fxg6 30.Bb2 Ra5 31.Qb3 Rh8 32.d5 Rxh4 33.dxc6 Rxg5+ 34.
Kf1 bxc6 35.Bd4 Rh1+ 36.Ke2 Rh2+ 37.Kd1 Rb5 38.Qd3 Kb7 39.Bg1 Ne5 40.Qxb5+
cxb5 41.Bxh2 Nf3 42.Re2 Kc6 43.e5 Nd4 44.e6 Nxe2 45.Kxe2 1-0

[Event "2nd GMA World Cup prel  #3"]
[Site "Palma de Mallorca"]
[Date "1989.??.??"]
[Round "3"]
[White "Gavrikov, Viktor"]
[Black "Kosten, Anthony Cornelius"]
[Result "1-0"]
[WhiteElo "2555"]
[BlackElo "2500"]
[EventDate "1989.12.??"]
[PlyCount "91"]

1.d4 Nf6 2.c4 e6 3.Nc3 Bb4 4.Qc2 d6 5.Nf3 O-O 6.a3 Bxc3+ 7.Qxc3 b6 8.g3 
Bb7 9.Bg2 Nbd7 10.O-O c5 11.Rd1 Qe7 12.b3 cxd4 13.Nxd4 Bxg2 14.Kxg2 Rfc8 
15.Qf3 Ne5 16.Qe3 Neg4 17.Qf4 Qb7+ 18.Qf3 d5 19.Kg1 Ne5 20.Qg2 Nc6 21.Nb5 
Qa6 22.Bb2 Ne8 23.Qf3 Na5 24.a4 Qb7 25.cxd5 exd5 26.Rab1 Rd8 27.Rbc1 a6 
28.Nd4 Nd6 29.Qg4 Qd7 30.Qh5 Ne8 31.Rd3 Nb7 32.Nc6 Nc5 33.Rf3 Rdc8 34.Ne5 
Qe6 35.Nxf7 Ne4 36.Rxc8 Rxc8 37.Ng5 Nxg5 38.Qxg5 h6 39.Qd2 Rc7 40.Qd3 a5 
41.Re3 Qf7 42.Qb5 Nd6 43.Qxb6 Nf5 44.Rf3 Re7 45.g4 Rxe2 46.Rxf5 1-0

[Event "2nd GMA World Cup prel  #3"]
[Site "Palma de Mallorca"]
[Date "1989.??.??"]
[Round "3"]
[White "Hulak, Krunoslav"]
[Black "King, Daniel John"]
[Result "1/2-1/2"]
[WhiteElo "2550"]
[BlackElo "2495"]
[EventDate "1989.12.??"]
[PlyCount "89"]

1.d4 e6 2.c4 Bb4+ 3.Bd2 a5 4.Nf3 d6 5.g3 Nc6 6.Bg2 e5 7.O-O exd4 8.Nxd4 
Nxd4 9.Bxb4 axb4 10.Qxd4 Nf6 11.Rd1 Qe7 12.Qd2 O-O 13.Qxb4 Qxe2 14.Nc3 Qh5
15.Nd5 Nxd5 16.Rxd5 Qg6 17.a3 Qf6 18.Re1 Rb8 19.Rd3 Bd7 20.Rde3 b5 21.Rf3 
bxc4 22.Qxc4 Qxb2 23.Qxc7 Qd2 24.Qc3 Qa2 25.Qa1 Rb2 26.Rf4 Be6 27.a4 Rfb8 
28.Qxa2 Rxa2 29.h4 Rb6 30.Bd5 g5 31.Bxe6 fxe6 32.hxg5 e5 33.Rf6 Rxa4 34.
Rc1 Ra7 35.Rc8+ Kg7 36.Rd8 Rf7 37.Rdxd6 Rxd6 38.Rxd6 Rf5 39.Kg2 Rxg5 40.
Rd3 Kf6 41.Rd7 Rg7 42.Rxg7 Kxg7 43.Kf3 Kf6 44.Ke4 h5 45.f3 1/2-1/2

[Event "2nd GMA World Cup prel  #3"]
[Site "Palma de Mallorca"]
[Date "1989.??.??"]
[Round "3"]
[White "Anand, Viswanathan"]
[Black "Mohr, Stefan"]
[Result "1/2-1/2"]
[WhiteElo "2555"]
[BlackElo "2485"]
[EventDate "1989.12.??"]
[PlyCount "41"]

1.e4 g6 2.d4 Bg7 3.Nc3 d6 4.Be3 c6 5.Qd2 b5 6.f3 Nd7 7.a4 b4 8.Nd1 Rb8 9.
Bd3 Ngf6 10.Ne2 O-O 11.O-O Qc7 12.c3 bxc3 13.bxc3 Qa5 14.Bf2 Ba6 15.Ne3 c5
16.Rfd1 Rfc8 17.Bxa6 Qxa6 18.Qa2 Rb7 19.Nf4 Rcb8 20.Qc4 Qxc4 21.Nxc4 
1/2-1/2

[Event "2nd GMA World Cup prel  #3"]
[Site "Palma de Mallorca"]
[Date "1989.??.??"]
[Round "3"]
[White "Knaak, Rainer"]
[Black "Browne, Walter Shawn"]
[Result "1-0"]
[WhiteElo "2485"]
[BlackElo "2555"]
[EventDate "1989.12.??"]
[PlyCount "76"]

1.d4 Nf6 2.c4 e6 3.Nc3 Bb4 4.e3 c5 5.Ne2 cxd4 6.exd4 d5 7.c5 e5 8.a3 Bxc3+
9.Nxc3 exd4 10.Qxd4 O-O 11.Bb5 Bd7 12.O-O Bxb5 13.Nxb5 Nc6 14.Qd3 Ne4 15.
Be3 a6 16.Nc3 Nxc3 17.bxc3 Ne5 18.Qf5 Re8 19.Rab1 Qc7 20.Bd4 Nc6 21.Rfe1 
Nxd4 22.cxd4 Qc6 23.h4 g6 24.Qg5 Rxe1+ 25.Rxe1 Re8 26.Re7 h5 27.Qe5 Rxe7 
28.Qxe7 Kg7 29.Qe5+ Kf8 30.Kh2 f6 31.Qb8+ Kf7 32.Qh8 Ke6 33.Qh7 Kf5 34.f3 
Qc8 35.Qf7 Qb8+ 36.Kh3 Qc8 37.Qxd5+ Kf4+ 38.Kh2 Ke3 1-0

[Event "2nd GMA World Cup prel  #3"]
[Site "Palma de Mallorca"]
[Date "1989.??.??"]
[Round "3"]
[White "Olafsson, Helgi"]
[Black "Kuzmin, Gennady"]
[Result "1/2-1/2"]
[WhiteElo "2545"]
[BlackElo "2495"]
[EventDate "1989.12.??"]
[PlyCount "29"]

1.d4 Nf6 2.c4 e6 3.Nf3 b6 4.g3 Bb7 5.Bg2 Be7 6.O-O O-O 7.Nc3 Ne4 8.Nxe4 
Bxe4 9.Nh4 Bxg2 10.Nxg2 d6 11.e4 Nd7 12.b3 a5 13.Bb2 Qc8 14.Ne3 Rb8 15.Qc2
1/2-1/2

[Event "2nd GMA World Cup prel  #3"]
[Site "Palma de Mallorca"]
[Date "1989.??.??"]
[Round "3"]
[White "Chekhov, Valery"]
[Black "Vyzhmanavin, Alexei"]
[Result "1/2-1/2"]
[WhiteElo "2480"]
[BlackElo "2555"]
[EventDate "1989.12.??"]
[PlyCount "68"]

1.Nf3 f5 2.g3 Nf6 3.Bg2 g6 4.O-O Bg7 5.d4 O-O 6.b4 d6 7.Bb2 Nc6 8.a3 e5 9.
dxe5 Ng4 10.Nbd2 Ncxe5 11.Nxe5 Nxe5 12.Nc4 Qe7 13.Nxe5 dxe5 14.Qd5+ Kh8 
15.Rad1 f4 16.gxf4 exf4 17.Bxg7+ Kxg7 18.Qe4 Qf6 19.Qd4 Re8 20.Qxf6+ Kxf6 
21.Rd4 Rxe2 22.Rxf4+ Bf5 23.Bxb7 Rb8 24.Ba6 Rxc2 25.Bd3 Rc3 26.Bxf5 gxf5 
27.Rd1 Rg8+ 28.Kf1 Rg4 29.Rxg4 fxg4 30.Rd5 Rxa3 31.Rc5 Kg6 32.Rxc7 h5 33.
Rc6+ Kg5 34.Rc5+ Kg6 1/2-1/2

[Event "2nd GMA World Cup prel  #3"]
[Site "Palma de Mallorca"]
[Date "1989.??.??"]
[Round "3"]
[White "Sveshnikov, Evgeny"]
[Black "Razuvaev, Yury"]
[Result "0-1"]
[WhiteElo "2485"]
[BlackElo "2545"]
[EventDate "1989.12.??"]
[PlyCount "76"]

1.e4 c5 2.c3 e6 3.d4 d5 4.e5 Nc6 5.Nf3 Qb6 6.a3 Bd7 7.Be2 Nh6 8.b4 cxd4 9.
Bxh6 d3 10.Bxd3 gxh6 11.O-O Bg7 12.Re1 O-O 13.Nbd2 f6 14.exf6 Bxf6 15.Ra2 
Kh8 16.c4 a5 17.b5 Nd4 18.Nxd4 Qxd4 19.Nf3 Qf4 20.Re3 dxc4 21.Bxh7 Bxb5 
22.Bb1 Rad8 23.Rd2 c3 24.Qc2 Qf5 25.Rxd8 Rxd8 26.Qc1 Qd5 27.Bc2 Rd7 28.h4 
Kg7 29.Re4 Bd3 30.Rg4+ Kh7 31.Rd4 Bxd4 32.Bxd3+ Kg7 33.Qf4 Bxf2+ 34.Kxf2 
Qxd3 35.Qe5+ Kh7 36.Qxe6 c2 37.Ne5 c1=Q 38.Nxd3 Qd2+ 0-1

[Event "2nd GMA World Cup prel  #3"]
[Site "Palma de Mallorca"]
[Date "1989.??.??"]
[Round "3"]
[White "Ftacnik, Lubomir"]
[Black "Georgiev, Krum"]
[Result "0-1"]
[WhiteElo "2550"]
[BlackElo "2480"]
[EventDate "1989.12.??"]
[PlyCount "86"]

1.d4 Nf6 2.c4 g6 3.Nc3 Bg7 4.e4 d6 5.Be2 O-O 6.Nf3 e5 7.O-O Nc6 8.d5 Ne7 
9.Bg5 Nh5 10.g3 f6 11.Bd2 f5 12.exf5 Nxf5 13.Ne4 Bh6 14.Nfg5 Nf6 15.Nxf6+ 
Qxf6 16.Ne4 Qg7 17.Bc3 Qe7 18.Re1 Bd7 19.Bd3 Rae8 20.c5 dxc5 21.Qb3 Qf7 
22.Qxb7 Nd6 23.Qxc7 Nxe4 24.Bxe4 Qxf2+ 25.Kh1 Bg4 26.Rf1 Qe2 27.Bg2 Bf3 
28.Rxf3 Rxf3 29.Re1 Qd3 30.Qxc5 Ref8 31.Bxf3 Rxf3 32.Qc8+ Rf8 33.Qe6+ Rf7 
34.Qxe5 Rf1+ 35.Kg2 Qf3+ 36.Kh3 Rxe1 37.Bxe1 Be3 38.Bc3 Qf1+ 39.Kh4 g5+ 
40.Kg4 h5+ 41.Kxh5 Qh3+ 42.Kg6 Qh7+ 43.Kf6 Qf7# 0-1

[Event "2nd GMA World Cup prel  #3"]
[Site "Palma de Mallorca"]
[Date "1989.??.??"]
[Round "3"]
[White "Sunye Neto, Jaime"]
[Black "Popovic, Petar"]
[Result "1-0"]
[WhiteElo "2480"]
[BlackElo "2550"]
[EventDate "1989.12.??"]
[PlyCount "51"]

1.c4 Nf6 2.Nc3 d5 3.cxd5 Nxd5 4.g3 c5 5.Bg2 Nb4 6.Nf3 N4c6 7.O-O e5 8.e3 
Be7 9.d4 exd4 10.exd4 Nxd4 11.Nxd4 cxd4 12.Nd5 Nc6 13.b4 a6 14.Bb2 Be6 15.
Nxe7 Qxe7 16.a4 Rd8 17.b5 Nb4 18.bxa6 bxa6 19.a5 Qd7 20.Ba3 Nd5 21.Re1 Nc3
22.Qg4 g6 23.Qh4 Rc8 24.Qf6 Rg8 25.Re5 d3 26.Bf3 1-0